<?xml version="1.0" encoding="UTF-8"?>
<marc:record xmlns:marc="http://www.loc.gov/MARC21/slim">
   <marc:leader>00000nam a2200000 a 4500</marc:leader>
   <marc:datafield ind1="1" ind2=" " tag="100">
      <marc:subfield code="a">Boehme, Julia</marc:subfield>
      <marc:subfield code="4">aut</marc:subfield>
      <marc:subfield code="e">Verfasser/-in</marc:subfield>
   </marc:datafield>
   <marc:datafield ind1="0" ind2="0" tag="245">
      <marc:subfield code="a">Conni und der Liebesbrief</marc:subfield>
   </marc:datafield>
   <marc:datafield ind1="0" ind2="0" tag="245">
      <marc:subfield code="b">[ab 8]</marc:subfield>
   </marc:datafield>
   <marc:datafield ind1="0" ind2="0" tag="245">
      <marc:subfield code="c">Julia Boehme</marc:subfield>
   </marc:datafield>
   <marc:datafield ind1=" " ind2="1" tag="264">
      <marc:subfield code="a">Hamburg</marc:subfield>
      <marc:subfield code="b">Carlsen</marc:subfield>
      <marc:subfield code="c">2002</marc:subfield>
   </marc:datafield>
   <marc:datafield ind1="1" ind2=" " tag="490">
      <marc:subfield code="a">Meine Freundin Conni</marc:subfield>
      <marc:subfield code="v">2</marc:subfield>
   </marc:datafield>
   <marc:datafield ind1="1" ind2=" " tag="520">
      <marc:subfield code="a">Die Klasse 3b ist vom Liebes-Virus erwischt. Alle schreiben oder erhalten Briefchen, seufzen verzückt oder klopfen dumme Sprüche über angeblich Verliebte. Erst ist Conni total sauer, dass Paul, mit dem sie den Schulweg gemeinsam geht, in sie verliebt sein soll, dann ist es ihr aber auch nicht recht, dass nur sie keinen Liebesbrief bekommt. Was tun? Ein bisschen schummeln und sich selbst einen Brief schreiben. Das macht Eindruck bei Freundin Anna. Und Eltern und Nachbarn fragen, wie man merkt, ob man verliebt ist. Klar, dass am Ende der nette Paul doch der Auserwählte ist, und die Zuneigung auf Gegenseitigkeit beruht. Flott gemachter Titel zu einem Thema, das Mädchen in Connis Alter sehr interessiert. - Überall gut möglich.</marc:subfield>
   </marc:datafield>
   <marc:datafield ind1=" " ind2=" " tag="020">
      <marc:subfield code="a">9783551552822</marc:subfield>
      <marc:subfield code="9">9783551552822</marc:subfield>
   </marc:datafield>
   <marc:datafield ind1=" " ind2=" " tag="041">
      <marc:subfield code="a">ger</marc:subfield>
   </marc:datafield>
   <marc:datafield ind1="1" ind2=" " tag="521">
      <marc:subfield code="a">0</marc:subfield>
   </marc:datafield>
   <marc:datafield ind1=" " ind2=" " tag="300">
      <marc:subfield code="a">96 S. : Ill.</marc:subfield>
   </marc:datafield>
</marc:record>
